One Tour de France 2023 Rider by Country - Statistics

General Stats
  • This quiz has been taken 132 times
  • The average score is 21 of 27
Answer Stats
Country Rider % Correct
Belgium Wout van Aert | Dylan Teuns | Jasper Stuyven | +18 others
97%
Denmark Jonas Vingegaard | Mattias Skjelmose | Kasper Asgreen | +8 others
96%
France David Gaudu | Julian Alaphilippe | Romain Bardet | +29 others
94%
Colombia Egan Bernal | Rigoberto Urán | Daniel Martínez | +2 others
92%
Australia Jai Hindley | Ben O'Connor | Caleb Ewan | +9 others
91%
Netherlands Mathieu van der Poel | Wilco Kelderman | Dylan Groenewegen | +11 others
91%
Slovenia Tadej Pogačar | Matej Mohorič | Luka Mezgec
91%
United Kingdom Tom Pidcock | Simon Yates | Mark Cavendish | +4 others
88%
Spain Mikel Landa | Enric Mas | Pello Bilbao | +11 others
85%
Ecuador Richard Carapaz
85%
Canada Michael Woods | Hugo Houle | Guillaume Boivin
83%
Austria Patrick Konrad | Felix Großschartner | Marco Haller | +3 others
83%
United States Sepp Kuss | Neilson Powless | Lawson Craddock | +3 others
83%
Eritrea Biniam Girmay
82%
Poland Rafał Majka | Michał Kwiatkowski
79%
Germany Emanuel Buchmann | John Degenkolb | Simon Geschke | +4 others
77%
Portugal Rui Costa | Nelson Oliveira | Ruben Guerreiro
77%
Norway Edvald Boasson Hagen | Alexander Kristoff | Vegard Stake Laengen | +5 others
75%
Slovakia Peter Sagan
75%
Kazakhstan Alexey Lutsenko | Yevgeniy Fedorov
73%
Italy Giulio Ciccone | Matteo Trentin | Alberto Bettiol | +4 others
72%
Luxembourg Bob Jungels | Kevin Geniets | Alex Kirsch
67%
Switzerland Stefan Küng | Silvan Dillier
67%
South Africa Louis Meintjes
64%
Costa Rica Andrey Amador
52%
Latvia Krists Neilands
41%
New Zealand Dion Smith | Corbin Strong
21%
No matching quizzes found
Score Distribution
Percent of People with Each Score
Percentile by Number Answered
Your Score History
You have not taken this quiz